Proces inventarizácie v samospráve

Inventarizácia sa považuje za súčasť vnútorného kontrolného systému účtovnej jednotky a je predpokladom na zostavenie účtovnej závierky preukazujúcim vykazované stavy, zostatky jednotlivých položiek účtovných výkazov.

Uložené v:
Podrobná bibliografia
Hlavný autor: Majorová, Miriam
Médium: Kapitola
Jazyk:Slovak
Predmet:
Tagy: Pridať tag
Žiadne tagy, Buďte prvý, kto otaguje tento záznam!

MARC

LEADER 00000naa a2200000 4500
001 0259872
005 20191125114055.7
041 0 |a slo 
044 |a SK 
245 1 0 |a Proces inventarizácie v samospráve  |c Miriam Majorová 
520 |a Inventarizácia sa považuje za súčasť vnútorného kontrolného systému účtovnej jednotky a je predpokladom na zostavenie účtovnej závierky preukazujúcim vykazované stavy, zostatky jednotlivých položiek účtovných výkazov. 
610 2 0 |a obce 
610 2 0 |a samospráva 
610 2 0 |a inventarizácia 
610 2 0 |a výkazy účtovné 
610 2 0 |a kontrola 
610 2 0 |a jednotka účtovná 
100 1 |a Majorová, Miriam